[Event "Bogota Navidad op"]
[Site "Bogota"]
[Date "2024.12.07"]
[Round "6"]
[White "Munoz Obando, Laura Alexandra"]
[Black "Galvis Cala, Miguel Angel"]
[Result "1/2-1/2"]
[WhiteElo "1852"]
[BlackElo "1561"]
[PlyCount "53"]
[EventDate "2024.12.04"]
[EventType "swiss"]
[EventRounds "9"]
[EventCountry "COL"]
[SourceTitle "CB50_2024"]
[SourceDate "2024.11.01"]
[SourceVersion "1"]
[SourceVersionDate "2024.11.01"]
[SourceQuality "2"]

1. e4 c5 2. Nc3 d6 3. d3 Nc6 4. g3 Nf6 5. Bg2 g6 6. Nge2 Bg7 7. h3 e5 8. Be3 Be6 9. Qd2 0-0 10. f4 Nd7 11. g4 exf4 12. Nxf4 Nb6 13. 0-0 Qd7 14. d4 a5 15. Ncd5 Bxd5 16. exd5 Nb4 17. Rf2 Bxd4 18. Bxd4 f6 19. c4 Nc6 20. Bxc5 Na4 21. Nxg6 Nc3 22. g5 Rfb8 23. Ne5 dxe5 24. Rf4 exf4 25. gxf6 Qd6 26. dxc6 bxc6 27. f7+ 1/2-1/2

[Event "COL-chT sf (Women)"]
[Site "Medellin"]
[Date "2024.11.09"]
[Round "4.3"]
[White "Munoz Obando, Laura Alexandra"]
[Black "Toro Castaneda, Elizabeth"]
[Result "0-1"]
[WhiteElo "1854"]
[BlackElo "1941"]
[PlyCount "113"]
[EventDate "2024.11.07"]
[EventType "team-swiss"]
[EventRounds "5"]
[EventCountry "COL"]
[SourceTitle "CB49_2024"]
[SourceDate "2024.12.04"]
[SourceVersion "1"]
[SourceVersionDate "2024.12.04"]
[SourceQuality "1"]
[WhiteTeam "Bogota (W)"]
[BlackTeam "Antioquia (W)"]
[WhiteTeamCountry "COL"]
[BlackTeamCountry "COL"]

1. e4 e5 2. Nf3 Nc6 3. Bb5 a6 4. Ba4 d6 5. c3 Bd7 6. 0-0 g6 7. d4 Bg7 8. dxe5 Nxe5 9. Bxd7+ Nxd7 10. Bg5 Qc8 11. Re1 h6 12. Bf4 Ne7 13. Nbd2 0-0 14. e5 dxe5 15. Nxe5 Nc5 16. Ng4 Nf5 17. Be5 Nd3 18. Bxg7 Kxg7 19. Re4 Qd7 20. Nf3 Rad8 21. Qc2 Qc6 22. Re2 Nf4 23. Re4 Nd3 24. Re2 h5 25. Nge5 Nxe5 26. Nxe5 Qf6 27. Nf3 Rd5 28. Rae1 Rfd8 29. h3 Rd3 30. Nd4 R3xd4 31. cxd4 Nxd4 32. Qxc7 Nxe2+ 33. Rxe2 Rd1+ 34. Kh2 b5 35. Qg3 h4 36. Qe3 Qd6+ 37. f4 Rf1 38. Rf2 Rb1 39. Qc3+ Kh7 40. Qb3 Kg8 41. Qf3 Qc5 42. g3 Qc1 43. Qg2 hxg3+ 44. Kxg3 Qe1 45. Kh2 Kg7 46. Re2 Qh4 47. Qf2 Qxf2+ 48. Rxf2 Kf6 49. Kg3 Kf5 50. Kf3 Rh1 51. Kg2 Rd1 52. Kg3 Rd3+ 53. Kg2 f6 54. Kh2 a5 55. Kg2 a4 56. a3 Ke4 57. Rc2 0-1

[Event "COL-ch Blitz (Women)"]
[Site "Bucaramanga"]
[Date "2024.10.27"]
[Round "1"]
[White "Gomez Araque, Laura Sofia"]
[Black "Munoz Obando, Laura Alexandra"]
[Result "0-1"]
[WhiteElo "1543"]
[BlackElo "1851"]
[PlyCount "54"]
[EventDate "2024.10.27"]
[EventType "swiss (blitz)"]
[EventRounds "11"]
[EventCountry "COL"]
[SourceTitle "CB44_2024"]
[Source "Chessbase"]
[SourceDate "2024.10.30"]
[SourceVersion "1"]
[SourceVersionDate "2024.10.30"]
[SourceQuality "1"]

1. e4 c5 2. d4 e6 3. Nf3 cxd4 4. Nxd4 Nf6 5. Nc3 Nc6 6. Ndb5 Bc5 7. Nd6+ Ke7 8. Nxc8+ Rxc8 9. Bg5 d6 10. Qd2 Re8 11. Bd3 Kf8 12. a3 a6 13. f4 Qc7 14. Bxf6 gxf6 15. 0-0-0 b5 16. Kb1 b4 17. axb4 Nxb4 18. g4 Rb8 19. h4 Qb7 20. Na4 Nxd3 21. Qxd3 Qb4 22. Qc3 Qxa4 23. b3 Rec8 24. Qb2 Qxe4 25. Rde1 Qd4 26. Qc1 Qc3 27. Qd1 Bd4 0-1

[Event "COL-ch Blitz (Women)"]
[Site "Bucaramanga"]
[Date "2024.10.27"]
[Round "9"]
[White "Munoz Obando, Laura Alexandra"]
[Black "Leguizamo Cortes, Laura Juliana"]
[Result "0-1"]
[WhiteElo "1851"]
[BlackElo "1588"]
[PlyCount "38"]
[EventDate "2024.10.27"]
[EventType "swiss (blitz)"]
[EventRounds "11"]
[EventCountry "COL"]
[SourceTitle "CB44_2024"]
[Source "Chessbase"]
[SourceDate "2024.10.30"]
[SourceVersion "1"]
[SourceVersionDate "2024.10.30"]
[SourceQuality "1"]

1. e4 c5 2. Nc3 d6 3. d3 Nf6 4. g3 e6 5. Bg2 Be7 6. Nge2 0-0 7. 0-0 d5 8. exd5 exd5 9. d4 Be6 10. dxc5 Bxc5 11. Nf4 Nc6 12. Re1 Bb4 13. Bd2 Re8 14. Nce2 Bxd2 15. Qxd2 Ne4 16. Qd1 Qb6 17. b3 Nxf2 18. Qb1 Nh3+ 19. Kh1 Qg1+ 0-1

[Event "COL-ch Blitz (Women)"]
[Site "Bucaramanga"]
[Date "2024.10.27"]
[Round "5"]
[White "Munoz Obando, Laura Alexandra"]
[Black "Solano Trillos, Thaliana"]
[Result "0-1"]
[WhiteElo "1851"]
[BlackElo "1794"]
[PlyCount "64"]
[EventDate "2024.10.27"]
[EventType "swiss (blitz)"]
[EventRounds "11"]
[EventCountry "COL"]
[SourceTitle "CB44_2024"]
[Source "Chessbase"]
[SourceDate "2024.10.30"]
[SourceVersion "1"]
[SourceVersionDate "2024.10.30"]
[SourceQuality "1"]

1. e4 c5 2. Nc3 Nc6 3. d3 g6 4. Be3 b6 5. g3 Bg7 6. Bg2 e6 7. Qd2 Nge7 8. Bh6 0-0 9. h4 Bxh6 10. Qxh6 d5 11. h5 Re8 12. hxg6 Nxg6 13. Qxh7+ Kf8 14. Qh6+ Ke7 15. Qg5+ Kd6 16. Qxd8+ Nxd8 17. exd5 exd5+ 18. Kd2 Bb7 19. Nb5+ Kc6 20. Nc3 Kd6 21. Nf3 Ne6 22. Nh4 Nd4 23. Nxg6 fxg6 24. Rh6 Re6 25. Rah1 b5 26. Re1 Rae8 27. Rhh1 b4 28. Na4 Re2+ 29. Kd1 Bc6 30. c3 Bxa4+ 31. Kc1 Rxe1+ 32. Kd2 R8e2# 0-1

[Event "Bogota Distrito Capital op-B"]
[Site "Bogota"]
[Date "2024.09.22"]
[Round "6"]
[White "Molina, Rafael"]
[Black "Munoz Obando, Laura Alexandra"]
[Result "1-0"]
[WhiteElo "1943"]
[BlackElo "1867"]
[PlyCount "98"]
[EventDate "2024.09.19"]
[EventType "swiss"]
[EventRounds "7"]
[EventCountry "COL"]
[SourceTitle "EXT 2025"]
[Source "ChessBase"]
[SourceDate "2024.10.14"]
[SourceVersion "1"]
[SourceVersionDate "2024.10.14"]
[SourceQuality "1"]

1. e4 c5 2. Nf3 d6 3. d4 cxd4 4. Nxd4 Nf6 5. Nc3 a6 6. a4 e6 7. Bg5 Be7 8. h4 Nc6 9. Nb3 Qc7 10. Qe2 0-0 11. Qc4 Rd8 12. 0-0-0 b6 13. Be2 Bb7 14. Be3 Rac8 15. f4 d5 16. exd5 Nxd5 17. Nxd5 Rxd5 18. Rxd5 exd5 19. Qc3 d4 20. Nxd4 Nxd4 21. Bxd4 Qxf4+ 22. Qe3 Qxe3+ 23. Bxe3 Bxg2 24. Rh2 Bc6 25. Bxa6 Ra8 26. Bb5 Bxb5 27. axb5 Bd8 28. h5 Ra5 29. c4 Ra4 30. Rc2 Ra1+ 31. Kd2 Rh1 32. h6 Rh2+ 33. Kd3 Rxc2 34. Kxc2 g5 35. b4 f5 36. Kd3 Kf7 37. Bd4 Ke6 38. c5 bxc5 39. bxc5 Kd5 40. Bf2 f4 41. c6 g4 42. Bh4 Bc7 43. Bf2 g3 44. Ba7 g2 45. Bg1 f3 46. b6 Kxc6 47. bxc7 Kxc7 48. Ke4 Kd7 49. Kxf3 Ke8 1-0

[Event "Bogota rapid op"]
[Site "Bogota"]
[Date "2024.09.01"]
[Round "2"]
[White "Munoz Obando, Laura Alexandra"]
[Black "Lopez Mahecha, Natalia"]
[Result "1-0"]
[WhiteElo "1870"]
[BlackElo "1668"]
[PlyCount "77"]
[EventDate "2024.09.01"]
[EventType "swiss (rapid)"]
[EventRounds "7"]
[EventCountry "COL"]
[SourceTitle "EXT 2025"]
[Source "ChessBase"]
[SourceDate "2024.10.14"]
[SourceVersion "1"]
[SourceVersionDate "2024.10.14"]
[SourceQuality "1"]

1. e4 e5 2. Nf3 Nc6 3. Bb5 Nge7 4. c3 a6 5. Ba4 g6 6. d3 b5 7. Bc2 Bg7 8. Be3 Bb7 9. Qd2 d5 10. Bh6 0-0 11. Bxg7 Kxg7 12. 0-0 dxe4 13. dxe4 Qxd2 14. Nbxd2 f6 15. Nb3 Rad8 16. Rad1 g5 17. Nc5 Bc8 18. Bb3 Ng6 19. Be6 Rd6 20. Bxc8 Rxc8 21. Nxa6 Na5 22. Rxd6 cxd6 23. Nb4 Nc4 24. b3 Nb6 25. Rc1 g4 26. Nd2 Nf4 27. Kf1 Nd7 28. g3 Ne6 29. Ke2 Ndc5 30. Nd5 Ng5 31. Ke3 Ra8 32. Rc2 Kf7 33. c4 bxc4 34. Nxc4 Ncxe4 35. a4 Rb8 36. b4 Ke6 37. Nc7+ Kd7 38. Na6 Ra8 39. Nb6+ 1-0

[Event "Bogota rapid op"]
[Site "Bogota"]
[Date "2024.09.01"]
[Round "3"]
[White "Vargas Benavides, Mauricio"]
[Black "Munoz Obando, Laura Alexandra"]
[Result "1-0"]
[WhiteElo "2120"]
[BlackElo "1870"]
[PlyCount "71"]
[EventDate "2024.09.01"]
[EventType "swiss (rapid)"]
[EventRounds "7"]
[EventCountry "COL"]
[SourceTitle "EXT 2025"]
[Source "ChessBase"]
[SourceDate "2024.10.14"]
[SourceVersion "1"]
[SourceVersionDate "2024.10.14"]
[SourceQuality "1"]

1. d4 d5 2. c4 e6 3. Nf3 Nf6 4. g3 Be7 5. Bg2 0-0 6. 0-0 c5 7. cxd5 Nxd5 8. Nc3 Nxc3 9. bxc3 Nc6 10. Rb1 Bf6 11. Ba3 Be7 12. dxc5 Qa5 13. Bb4 Qxa2 14. Nd4 Nxb4 15. cxb4 e5 16. Nb5 Rd8 17. Qe1 a6 18. Ra1 Qc4 19. Na3 Qe6 20. Qc1 Rb8 21. Nc4 Bd7 22. Qc3 Bf6 23. e4 Bb5 24. Nb6 Bxf1 25. Bxf1 Rd4 26. Bc4 Qg4 27. Bd5 Rd1+ 28. Rxd1 Qxd1+ 29. Kg2 Qd4 30. Qb3 Bd8 31. Nd7 Rc8 32. Bxf7+ Kh8 33. Bd5 Rc7 34. Qf3 h6 35. Qf8+ Kh7 36. Qxd8 1-0

[Event "COL-chT 21st"]
[Site "Cartagena"]
[Date "2019.11.30"]
[Round "1.2"]
[White "Munoz Obando, Laura Alexandra"]
[Black "Franco Valencia, Beatriz Irene"]
[Result "0-1"]
[WhiteElo "1765"]
[BlackElo "2127"]
[PlyCount "56"]
[EventDate "2019.11.30"]
[EventType "team-swiss"]
[EventRounds "9"]
[EventCountry "COL"]
[SourceTitle "CBM 195 Extra"]
[Source "ChessBase"]
[SourceDate "2020.05.31"]
[SourceVersion "1"]
[SourceVersionDate "2020.05.31"]
[SourceQuality "1"]
[WhiteTeam "Cauca"]
[BlackTeam "Bolivar"]
[WhiteTeamCountry "COL"]
[BlackTeamCountry "COL"]

1. e4 c6 2. d4 g6 3. Nf3 Bg7 4. Be3 d5 5. Nc3 Bg4 6. Be2 Na6 7. h3 Bxf3 8. Bxf3 Nc7 9. Qd2 h5 10. 0-0-0 Nf6 11. g4 dxe4 12. Nxe4 Nxe4 13. Bxe4 Qd7 14. Bf3 h4 15. Bg5 0-0-0 16. Qa5 Kb8 17. Be3 Nd5 18. Bxd5 cxd5 19. Bf4+ Ka8 20. Rd3 b6 21. Qb4 Rc8 22. Re1 e6 23. Ra3 Bf8 24. Qb3 Bxa3 25. Qxa3 Rc4 26. Be5 Rhc8 27. Re2 Qb5 28. Qd6 R4c6 0-1

[Event "COL-chT rapid (Women)"]
[Site "Cartagena"]
[Date "2019.11.29"]
[Round "6.1"]
[White "Lizarazo, Doris Liliana"]
[Black "Munoz Obando, Laura Alexandra"]
[Result "1/2-1/2"]
[WhiteElo "1862"]
[BlackElo "1890"]
[PlyCount "96"]
[EventDate "2019.11.29"]
[EventType "team-swiss"]
[EventRounds "7"]
[EventCountry "COL"]
[SourceTitle "CBM 193 Extra"]
[Source "ChessBase"]
[SourceDate "2020.01.31"]
[SourceVersion "1"]
[SourceVersionDate "2020.01.31"]
[SourceQuality "1"]
[WhiteTeam "Norte de Santander (W)"]
[BlackTeam "Cauca (W)"]
[WhiteTeamCountry "COL"]
[BlackTeamCountry "COL"]

1. e4 c5 2. c3 d6 3. d4 Nd7 4. Nf3 e6 5. Bd3 Be7 6. 0-0 Ngf6 7. h3 cxd4 8. cxd4 0-0 9. Nc3 a6 10. a3 b6 11. Qe2 Bb7 12. e5 Ne8 13. Nh2 dxe5 14. dxe5 Nc5 15. Bc2 Qc7 16. Qh5 f5 17. exf6 Nxf6 18. Qe2 Qc6 19. f3 Nh5 20. Re1 Bh4 21. Rd1 Ng3 22. Qc4 Be7 23. Qg4 Nf5 24. Bxf5 exf5 25. Qc4+ Kh8 26. Qd5 Rad8 27. Qxc6 Rxd1+ 28. Nxd1 Bxc6 29. Be3 Nb3 30. Rb1 b5 31. Nc3 Rd8 32. Rd1 Rxd1+ 33. Nxd1 Bf6 34. Nf1 Na5 35. Nd2 Kg8 36. Kf2 Bd5 37. Bb6 Nc4 38. Nxc4 Bxc4 39. Nc3 Kf7 40. g4 Bh4+ 41. Kg2 fxg4 42. hxg4 Bf6 43. Kg3 Ke6 44. f4 h6 45. Be3 Bd3 46. Bc1 Kd6 47. Nd1 Kc5 48. Nf2 Bc2 1/2-1/2

[Event "COL-chT rapid (Women)"]
[Site "Cartagena"]
[Date "2019.11.29"]
[Round "1.1"]
[White "Munoz Obando, Laura Alexandra"]
[Black "Finley Rosero, Karol Valentina"]
[Result "1-0"]
[WhiteElo "1890"]
[BlackElo "1635"]
[PlyCount "67"]
[EventDate "2019.11.29"]
[EventType "team-swiss"]
[EventRounds "7"]
[EventCountry "COL"]
[SourceTitle "CBM 193 Extra"]
[Source "ChessBase"]
[SourceDate "2020.01.31"]
[SourceVersion "1"]
[SourceVersionDate "2020.01.31"]
[SourceQuality "1"]
[WhiteTeam "Cauca (W)"]
[BlackTeam "Narino (W)"]
[WhiteTeamCountry "COL"]
[BlackTeamCountry "COL"]

1. e4 c5 2. Nc3 d6 3. Bc4 Nf6 4. d3 g6 5. h3 Bg7 6. Be3 0-0 7. Qd2 Nc6 8. Bh6 a6 9. h4 Ne5 10. Bb3 b5 11. Bxg7 Kxg7 12. Nd5 h5 13. Nxf6 exf6 14. Bd5 Rb8 15. Ne2 f5 16. 0-0-0 Qf6 17. Rdf1 Bb7 18. Bxb7 Rxb7 19. Nc3 Qe6 20. f4 Nc6 21. Re1 Nb4 22. a3 Na2+ 23. Kb1 Nxc3+ 24. Qxc3+ Qf6 25. e5 dxe5 26. fxe5 Qe7 27. e6+ Kg8 28. exf7+ Qxf7 29. Qxc5 Rc7 30. Qd6 a5 31. Re6 Kh7 32. Rhe1 Rfc8 33. Re7 Qxe7 34. Rxe7+ 1-0

[Event "Uniagraria AlphaZero op 2nd"]
[Site "Uniagraria"]
[Date "2019.11.10"]
[Round "5"]
[White "Cordero Gonzalez, Victor William"]
[Black "Munoz Obando, Laura Alexandra"]
[Result "0-1"]
[WhiteElo "1620"]
[BlackElo "1812"]
[PlyCount "80"]
[EventDate "2019.11.08"]
[EventType "swiss"]
[EventRounds "7"]
[EventCountry "COL"]
[SourceTitle "CBM 193 Extra"]
[Source "ChessBase"]
[SourceDate "2020.01.31"]
[SourceVersion "1"]
[SourceVersionDate "2020.01.31"]
[SourceQuality "1"]

1. e4 c5 2. Nf3 d6 3. Na3 Nf6 4. d3 Nc6 5. h4 e6 6. h5 h6 7. c3 Be7 8. Nc4 b5 9. Ne3 b4 10. g4 bxc3 11. bxc3 d5 12. Nd2 Bb7 13. Bg2 Ne5 14. Ndf1 dxe4 15. Bxe4 Nxe4 16. dxe4 Qxd1+ 17. Kxd1 Bxe4 18. Rg1 Rd8+ 19. Bd2 Nf3 20. Rg3 Bh4 21. Rh3 Bxf2 22. Nc4 Ng1 23. Rh2 Be1 24. Kxe1 Nf3+ 25. Kf2 Nxh2 26. Nxh2 g6 27. Be3 Rd5 28. Nd2 Bc2 29. Nb3 gxh5 30. c4 Rd1 31. Rxd1 Bxd1 32. Nxc5 hxg4 33. Ne4 f5 34. Bd4 Rf8 35. Nc5 Ke7 36. Ke1 Rd8 37. Bf2 Kf7 38. Nb3 Bxb3 39. axb3 Rd3 40. b4 g3 0-1

[Event "Uniagraria AlphaZero op 2nd"]
[Site "Uniagraria"]
[Date "2019.11.09"]
[Round "3"]
[White "Vanegas, Mateo de Jesus"]
[Black "Munoz Obando, Laura Alexandra"]
[Result "0-1"]
[WhiteElo "1486"]
[BlackElo "1812"]
[PlyCount "62"]
[EventDate "2019.11.08"]
[EventType "swiss"]
[EventRounds "7"]
[EventCountry "COL"]
[SourceTitle "CBM 193 Extra"]
[Source "ChessBase"]
[SourceDate "2020.01.31"]
[SourceVersion "1"]
[SourceVersionDate "2020.01.31"]
[SourceQuality "1"]

1. e4 c5 2. Nf3 d6 3. d4 cxd4 4. Nxd4 Nf6 5. Nc3 a6 6. Bd3 e6 7. 0-0 Be7 8. Be3 0-0 9. f4 Nbd7 10. Bc4 Nc5 11. e5 Nfe4 12. exd6 Qxd6 13. Nxe4 Nxe4 14. Qf3 Nf6 15. Rfd1 Qc7 16. Bb3 Bd6 17. Rd3 e5 18. fxe5 Bxe5 19. g3 Bg4 20. Qg2 Rad8 21. h3 Bh5 22. g4 Bg6 23. Rdd1 Be4 24. Qf2 Bg3 25. Qe2 Be5 26. c3 Bxd4 27. Bxd4 Qg3+ 28. Kf1 Qxh3+ 29. Ke1 Bf3 30. Rd3 Rfe8 31. Rxf3 Qxf3 0-1

[Event "COL-ch U2000"]
[Site "Villamaria"]
[Date "2019.11.01"]
[Round "1"]
[White "Munoz Obando, Laura Alexandra"]
[Black "Vanegas Henao, Ricardo Javier"]
[Result "0-1"]
[WhiteElo "1812"]
[BlackElo "1921"]
[PlyCount "36"]
[EventDate "2019.11.01"]
[EventType "swiss"]
[EventRounds "7"]
[EventCountry "COL"]
[SourceTitle "CBM 193 Extra"]
[Source "ChessBase"]
[SourceDate "2020.01.31"]
[SourceVersion "1"]
[SourceVersionDate "2020.01.31"]
[SourceQuality "1"]

1. e4 c5 2. Nc3 e6 3. Bc4 a6 4. a4 Qc7 5. Nge2 Nf6 6. 0-0 Nc6 7. d3 b6 8. f4 d6 9. Ng3 h5 10. f5 h4 11. Nh1 h3 12. g3 exf5 13. exf5 Ne5 14. Qe2 Bb7 15. Bf4 Qc6 16. Kf2 0-0-0 17. Bxe5 Re8 18. Bxf7 Qg2+ 0-1

[Event "COL pre olympic sf2"]
[Site "Palmira"]
[Date "2019.06.02"]
[Round "9"]
[White "Munoz Obando, Laura Alexandra"]
[Black "Rengifo Astudillo, Carlos Alberto"]
[Result "1/2-1/2"]
[WhiteElo "1821"]
[BlackElo "1596"]
[PlyCount "44"]
[EventDate "2019.05.29"]
[EventType "swiss"]
[EventRounds "10"]
[EventCountry "COL"]
[SourceTitle "CBM 190 Extra"]
[Source "ChessBase"]
[SourceDate "2019.07.15"]
[SourceVersion "1"]
[SourceVersionDate "2019.07.15"]
[SourceQuality "1"]

1. e4 g6 2. Nc3 Bg7 3. d4 c5 4. Be3 cxd4 5. Bxd4 Nf6 6. e5 Ng8 7. e6 f6 8. exd7+ Bxd7 9. Nf3 Nh6 10. Bc4 Nf7 11. Qd2 0-0 12. 0-0-0 Qc7 13. Bb3 Kh8 14. h4 Bg4 15. Be3 Bxf3 16. gxf3 Ne5 17. Nb5 Qc6 18. Nd4 Nxf3 19. Nxc6 Nxd2 20. Rxd2 Nxc6 21. Rd7 Na5 22. Rxe7 b6 1/2-1/2

[Event "COL pre olympic sf2"]
[Site "Palmira"]
[Date "2019.06.01"]
[Round "7"]
[White "Munoz Obando, Laura Alexandra"]
[Black "Lizarazo, Alba Patricia"]
[Result "1-0"]
[WhiteElo "1821"]
[BlackElo "1639"]
[PlyCount "83"]
[EventDate "2019.05.29"]
[EventType "swiss"]
[EventRounds "10"]
[EventCountry "COL"]
[SourceTitle "CBM 190 Extra"]
[Source "ChessBase"]
[SourceDate "2019.07.15"]
[SourceVersion "1"]
[SourceVersionDate "2019.07.15"]
[SourceQuality "1"]

1. e4 e5 2. Nf3 Nc6 3. Bb5 a6 4. Ba4 Nf6 5. 0-0 Be7 6. Re1 b5 7. Bb3 0-0 8. c3 d6 9. d3 Bg4 10. Nbd2 Qd7 11. Nf1 Rad8 12. Ne3 Bh5 13. Nf5 d5 14. Nxe7+ Qxe7 15. exd5 Nxd5 16. Qe2 Qf6 17. Qe4 Bxf3 18. gxf3 Qg6+ 19. Kh1 Qxe4 20. fxe4 Nb6 21. Rg1 Rfe8 22. Rg3 Re6 23. Bc2 Rg6 24. Be3 Nd7 25. Rxg6 hxg6 26. d4 exd4 27. cxd4 Nf6 28. e5 Ng4 29. Rd1 Nxe3 30. fxe3 Ne7 31. Kg2 Nf5 32. Kf3 Kf8 33. Kf4 Ne7 34. Bb3 Nd5+ 35. Ke4 c6 36. Rc1 Ne7 37. e6 f5+ 38. Ke5 g5 39. Rg1 g4 40. e4 g6 41. d5 fxe4 42. d6 1-0

[Event "COL pre olympic sf2"]
[Site "Palmira"]
[Date "2019.06.01"]
[Round "6"]
[White "Riscanevo, Camilo Andres"]
[Black "Munoz Obando, Laura Alexandra"]
[Result "1/2-1/2"]
[WhiteElo "1625"]
[BlackElo "1821"]
[PlyCount "46"]
[EventDate "2019.05.29"]
[EventType "swiss"]
[EventRounds "10"]
[EventCountry "COL"]
[SourceTitle "CBM 190 Extra"]
[Source "ChessBase"]
[SourceDate "2019.07.15"]
[SourceVersion "1"]
[SourceVersionDate "2019.07.15"]
[SourceQuality "1"]

1. c4 Nf6 2. Nc3 e6 3. d4 Bb4 4. Bd2 0-0 5. Nf3 b6 6. g3 Bb7 7. Bg2 d5 8. cxd5 Nxd5 9. Nxd5 Bxd2+ 10. Qxd2 Bxd5 11. 0-0 Nd7 12. Rac1 c5 13. b3 cxd4 14. Qxd4 Nf6 15. Rfd1 Rc8 16. Ne5 Rxc1 17. Rxc1 Qa8 18. Bxd5 Nxd5 19. e4 Nf6 20. Nd7 Nxd7 21. Qxd7 Qxe4 22. Rc8 Qe1+ 23. Kg2 Qe4+ 1/2-1/2

[Event "COL-chT (Women)"]
[Site "Ibague"]
[Date "2018.10.13"]
[Round "5.1"]
[White "Mateus, Martha"]
[Black "Munoz Obando, Laura Alexandra"]
[Result "1-0"]
[WhiteElo "2124"]
[BlackElo "1811"]
[PlyCount "69"]
[EventDate "2018.10.11"]
[EventType "team-swiss"]
[EventRounds "6"]
[EventCountry "COL"]
[SourceTitle "CBM 186 Extra"]
[Source "ChessBase"]
[SourceDate "2018.08.24"]
[SourceVersion "1"]
[SourceVersionDate "2018.08.24"]
[SourceQuality "1"]
[WhiteTeam "Valle (W)"]
[BlackTeam "Cauca (W)"]
[WhiteTeamCountry "COL"]
[BlackTeamCountry "COL"]

1. e4 c5 2. c3 d5 3. exd5 Qxd5 4. d4 cxd4 5. cxd4 Nc6 6. Nf3 Bg4 7. Be2 e6 8. Nc3 Qd8 9. 0-0 Nf6 10. h3 Bh5 11. Qa4 Qd7 12. Rd1 Be7 13. g4 Bg6 14. Bb5 Rc8 15. Ne5 Qc7 16. Bf4 Qb6 17. Be3 Qc7 18. Rac1 0-0 19. Nxc6 bxc6 20. Bf1 Ne4 21. Bg2 Nxc3 22. Rxc3 Qb6 23. Rxc6 Rxc6 24. Qxc6 Qxb2 25. Qc7 Qa3 26. d5 exd5 27. Rxd5 Qb4 28. Qxa7 Qe1+ 29. Kh2 Bh4 30. Qd4 Bf6 31. Qd2 Qb1 32. Bd4 Bd8 33. Be5 Bb6 34. a4 h5 35. Rb5 1-0

[Event "COL-chT (Women)"]
[Site "Ibague"]
[Date "2018.10.11"]
[Round "2.1"]
[White "Munoz Obando, Laura Alexandra"]
[Black "Lizarazo, Doris Liliana"]
[Result "1-0"]
[WhiteElo "1811"]
[BlackElo "1825"]
[PlyCount "59"]
[EventDate "2018.10.11"]
[EventType "team-swiss"]
[EventRounds "6"]
[EventCountry "COL"]
[SourceTitle "CBM 186 Extra"]
[Source "ChessBase"]
[SourceDate "2018.08.24"]
[SourceVersion "1"]
[SourceVersionDate "2018.08.24"]
[SourceQuality "1"]
[WhiteTeam "Cauca (W)"]
[BlackTeam "Norte de Santander (W)"]
[WhiteTeamCountry "COL"]
[BlackTeamCountry "COL"]

1. e4 c5 2. Nc3 e6 3. g3 d5 4. exd5 exd5 5. d4 Nf6 6. Bg2 h6 7. dxc5 Bxc5 8. Nxd5 0-0 9. Ne2 Re8 10. Ne3 Qb6 11. 0-0 Rd8 12. Qe1 Na6 13. Nc3 Bd7 14. Ned5 Nxd5 15. Nxd5 Qd6 16. Bf4 Qe6 17. Nc7 Nxc7 18. Bxc7 Bb5 19. Qxe6 fxe6 20. Bxd8 Bxf1 21. Bxb7 Rxd8 22. Rxf1 Rb8 23. b4 Bd4 24. Rd1 Bc3 25. Be4 Rxb4 26. Bg6 Bf6 27. Rd7 Rg4 28. Bf7+ Kf8 29. Bxe6 a5 30. Bxg4 1-0

[Event "COL-chT (Women)"]
[Site "Ibague"]
[Date "2017.07.20"]
[Round "4.1"]
[White "Lizarazo, Doris Liliana"]
[Black "Munoz Obando, Laura Alexandra"]
[Result "1-0"]
[WhiteElo "1875"]
[BlackElo "1832"]
[PlyCount "39"]
[EventDate "2017.07.19"]
[EventType "team-swiss"]
[EventRounds "6"]
[EventCountry "COL"]
[SourceTitle "CBM 179 Extra"]
[Source "ChessBase"]
[SourceDate "2017.08.23"]
[SourceVersion "1"]
[SourceVersionDate "2017.08.23"]
[SourceQuality "1"]
[WhiteTeam "Norte de Santander (W)"]
[BlackTeam "Cauca (W)"]
[WhiteTeamCountry "COL"]
[BlackTeamCountry "COL"]

1. e4 d5 2. exd5 Qxd5 3. Nc3 Qa5 4. d4 Nf6 5. Bc4 e6 6. Qe2 c6 7. Nf3 Be7 8. 0-0 Qc7 9. Ne5 0-0 10. Re1 Nbd7 11. Nxf7 Nb6 12. Ng5 Nxc4 13. Nxe6 Bxe6 14. Qxe6+ Rf7 15. Qxc4 Ng4 16. f4 Bd6 17. g3 Raf8 18. Ne4 Kh8 19. Nxd6 Qxd6 20. Qe6 1-0

[Event "Bogota Region-ch Students (Women)"]
[Site "Bogota"]
[Date "2016.03.12"]
[Round "3.3"]
[White "Carrillo, Angie Catalina"]
[Black "Munoz Obando, Laura Alexandra"]
[Result "0-1"]
[WhiteElo "1880"]
[BlackElo "1832"]
[PlyCount "54"]
[EventDate "2016.03.12"]
[EventType "swiss"]
[EventRounds "5"]
[EventCountry "COL"]
[SourceTitle "EXT 2024"]
[Source "ChessBase"]
[SourceDate "2023.10.10"]
[SourceVersion "1"]
[SourceVersionDate "2023.10.10"]
[SourceQuality "1"]

1. e4 c5 2. Nf3 d6 3. h3 Nf6 4. Nc3 e6 5. Bc4 Be7 6. d3 Nc6 7. 0-0 a6 8. a4 0-0 9. Ne2 Na5 10. b3 Rb8 11. e5 dxe5 12. Nxe5 b5 13. axb5 axb5 14. Bd2 b4 15. Rxa5 Qxa5 16. Nc6 Qc7 17. Nxb8 Qxb8 18. Bf4 Bd6 19. Qd2 Bb7 20. d4 Nh5 21. g3 cxd4 22. Qxd4 e5 23. Bxe5 Bxe5 24. Qh4 Bf3 25. Nd4 Bf6 26. Nc6 Qd6 27. Bxf7+ Rxf7 0-1

[Event "COL-ch U26 (Women)"]
[Site "Cali"]
[Date "2014.10.21"]
[Round "5"]
[White "Munoz Obando, Laura Alexandra"]
[Black "Castrillon Gomez, Melissa"]
[Result "0-1"]
[WhiteElo "1874"]
[BlackElo "2191"]
[PlyCount "68"]
[EventDate "2014.10.19"]
[EventType "swiss"]
[EventRounds "6"]
[EventCountry "COL"]
[SourceTitle "EXT 2015"]
[Source "ChessBase"]
[SourceDate "2014.11.20"]
[SourceVersion "1"]
[SourceVersionDate "2014.11.20"]
[SourceQuality "1"]

1. e4 e5 2. Nf3 Nc6 3. Bb5 Nge7 4. c3 a6 5. Ba4 g6 6. d4 exd4 7. cxd4 Bg7 8. 0-0 b5 9. Bc2 d6 10. Bg5 Bg4 11. Be3 Bxf3 12. gxf3 Qd7 13. Kg2 Na5 14. Nd2 Nec6 15. d5 Ne5 16. Bd4 c5 17. dxc6 Naxc6 18. Be3 0-0 19. h3 Rac8 20. f4 Nb4 21. Bb3 Ned3 22. Qf3 Nxb2 23. Rab1 a5 24. f5 Nc4 25. Bxc4 bxc4 26. f6 Bh8 27. a3 Nd3 28. Bh6 Ne5 29. Qc3 Rfe8 30. f4 Nd3 31. Nxc4 Rxe4 32. Qxd3 Rexc4 33. Rbd1 Rc3 34. Qxd6 Qxh3+ 0-1